| 000 | 00606nam a22002057a 4500 | ||
|---|---|---|---|
| 005 | 20160316124854.0 | ||
| 008 | 160316b xxu||||| |||| 00| 0 eng d | ||
| 040 | _aLoreto College | ||
| 041 | _aEnglish | ||
| 082 |
_a954.01 _bRAM |
||
| 100 | _aRadhakrishnan, Sarvepalli | ||
| 245 |
_aThe cultural heritage of India _cIntroduction by Sarvepalli Radhakrishnan |
||
| 250 | _a2nd ed | ||
| 260 |
_aCalcutta _bThe Ramakrishna Mission Institute of culture _c1958 |
||
| 300 | _aIxiv,652p | ||
| 504 | _aIncludes bibliography and index | ||
| 650 | _aIndia history & culture | ||
| 850 | _aLCLIB | ||
| 942 | _cBK | ||
| 999 |
_c40521 _d91000 |
||